KFZ-Kennzeichen Quiz mit Karte - Statistiken

Allgemein
  • Dieses Quiz wurde 135 mal gespielt
  • Das Durchschnittsergebnis liegt bei 185 aus 401
Antworten auf der Karte
Die Antworten werden auf der Karte rot bzw. grün angezeigt, abhängig davon wie oft sie richtig erraten wurden.
 
Antwortstatistiken
Zulassungsbezirk KFZ-Kennzeichen % Korrekt
KA
72%
ES ; NT
71%
CW
70%
68%
A ; SMÜ ; WER
67%
CO ; NEC
67%
EM
67%
HO ; MÜB ; NAI ; REH ; SAN
67%
Lörrach
67%
BA
66%
BB ; LEO
66%
GP
66%
CHA ; KÖZ ; ROD ; WÜM
65%
65%
TUT
65%
AB ; ALZ
63%
B
63%
CO ; NEC
63%
E
63%
F
63%
G
63%
LB ; VAI
63%
RA ; BH
63%
UN ; LH ; LÜN
63%
A
62%
C
62%
D
62%
DEG
62%
EU ; SLE
62%
FL
62%
62%
HH
62%
J
62%
L
62%
M ; MUC
62%
PA
62%
R
62%
RT
62%
RV ; SLG ; ÜB ; WG
62%
S
62%
AN ; DKB ; FEU ; ROT
61%
BA
61%
BN
61%
BO ; WAT
61%
DA
61%
DD
61%
ER
61%
FR
61%
K
61%
KO
61%
LIP
61%
M ; AIB ; WOR
61%
N
61%
RO ; AIB ; WS
61%
SO ; LP
61%
61%
WÜ ; OCH
61%
DEL
60%
DO
60%
DU
60%
GE
60%
GI
60%
HA
60%
HAL
60%
HAM
60%
HB
60%
IN
60%
KA
60%
KI
60%
KR
60%
KS
60%
LEV ; OP
60%
OF
60%
P
60%
PA
60%
UL
60%
WES ; DIN ; MO
60%
AC ; MON
59%
AN
59%
BAD
59%
BI
59%
BOT
59%
COE ; LH
59%
DE ; RSL
59%
EF
59%
FFB
59%
GG
59%
HO
59%
KLE ; GEL
59%
MA
59%
OB
59%
OF
59%
OL
59%
OS
59%
PB ; BÜR
59%
PF
59%
R
59%
RE ; CAS ; GLA
59%
TR
59%
W
59%
WE
59%
WI
59%
WO
59%
58%
ED
58%
EMD
58%
FO ; EBS ; PEG
58%
KS ; HOG ; WOH
58%
LAU ; ESB ; HEB ; N ; PEG
58%
LI
58%
RO
58%
VIE ; KK
58%
Z ; GC ; HOT ; WDA
58%
AM
57%
BOR ; AH ; BOH
57%
BS
57%
CB
57%
CUX
57%
FD
57%
HD
57%
HN
57%
KN ; STO ; (BÜS)
57%
LA ; MAI ; MAL ; ROL ; VIB
57%
L ; BNA ; GHA ; GRM ; MTL ; WUR
57%
OL
57%
REG ; VIT
57%
SIG ; SLG ; STO; ÜB
57%
SP
57%
ST ; BF ; TE
57%
CE
55%
DA ; DI
55%
EI
55%
GAP
55%
GÖ ; DUD ; HMÜ ; OHA
55%
HER ; WAN
55%
KL
55%
KL
55%
ME
55%
MG
55%
MS
55%
MTK
55%
MZ
55%
NU ; ILL
55%
OA
55%
OS ; BSB ; MEL ; WTL
55%
PE
55%
RS
55%
RW
55%
BT ; EBS ; ESB ; KEM ; MÜB ; PEG
54%
H
54%
HDH
54%
LU
54%
UE
54%
ZW
54%
AB
53%
HL
53%
HX ; WAR
53%
KE
53%
KUS
53%
LER
53%
LL
53%
MM
53%
VER
53%
AW
52%
AZ
52%
BT
52%
DAH
52%
MD
52%
MZ ; BIN
52%
V ; AE ; OVL ; PL ; RC
52%
WW
52%
AK
51%
BAR ; BER ; EW
51%
GT
51%
HI ; ALF
51%
LA
51%
MI
51%
MIL ; OBB
51%
STA
51%
VEC
51%
WOB
51%
AUR ; NOR
50%
BC
50%
BGL ; BGD ; LF ; REI
50%
CLP
50%
FS
50%
HF
50%
KU ; EBS ; SAN
50%
LDK ; WZ ; DIL
50%
MK
50%
MKK ; GN ; SLÜ ; (HU)
50%
NF
50%
PI
50%
SZ
50%
TR ; SAB
50%
AIC ; FDB
49%
AS ; SUL
49%
DN ; JÜL ; MON ; SLE
49%
EBE
49%
EE ; FI ; LIB
49%
FF
49%
GER
49%
GZ ; KRU
49%
HRO
49%
MB
49%
MEI ; GRH ; RG ; RIE
49%
MH
49%
MÜ ; VIB ; WS
49%
SW
49%
VR ; GMN ; NVP ; RDG ; RÜG ; (HST)
49%
BZ ; BIW ; HY ; KM
48%
HB
48%
HN
48%
HVL ; NAU ; RN
48%
MSP
48%
NMS
48%
PLÖ
48%
TÖL ; WOR
48%
FT
47%
HSK
47%
LD
47%
NK ; OTW
47%
RH ; HIP
47%
COC ; ZEL
46%
KF
46%
OE
46%
OH
46%
PR
46%
SB ; (VK)
46%
SC
46%
SI ; BLB
46%
SÖM
46%
SON ; NH
46%
BIT ; PRÜ
45%
EN ; WIT
45%
ERZ ; ANA ; ASZ ; AU ; MAB ; MEK ; STL ; SZB ; ZP
45%
FRI
45%
GS ; BRL ; CLZ
45%
GTH
45%
HZ ; HBS ; QLB ; WR
45%
KEH ; MAI ; PAR ; RID ; ROL
45%
KYF ; ART ; SDH
45%
LUP ; HGN ; LBZ ; LWL ; PCH ; STB
45%
NE ; GV
45%
OAL ; FÜS ; MOD
45%
SE
45%
STD
45%
TIR ; KEM
45%
VG ; ANK ; GW ; PW ; SBG ; UEM ; WLG ; (HGW)
45%
DH ; SY
43%
NI
43%
NW
43%
PS
43%
SHA ; BK ; CR
43%
TS
43%
FDS ; HCH ; HOR ; WOL
42%
GF
42%
GRZ ; ZR
42%
HAS ; EBN ; GEO ; HOH
42%
MYK ; MY
42%
NM ; PAR
42%
NWM ; GDB ; GVM ; WIS ; (HWI)
42%
RD ; ECK
42%
SG
42%
WHV
42%
SLS
41%
UM ; ANG ; PZ ; SDT ; TP
41%
WUN ; MAK ; REH ; SEL
41%
BIR
40%
BK ; BÖ ; HDL ; OC ; OK ; WMS ; WZL
40%
EL
40%
ERH ; HÖS
40%
HE
40%
LIF ; STE
40%
OHV
40%
PM
40%
SÜW
40%
WAF ; BE
40%
WB ; GHC ; JE
40%
EIC ; HIG; WBS
39%
FRG ; GRA ; WOS
39%
IK ; ARN ; IL
39%
KB ; WA ; FKB
39%
LM ; WEL
39%
SN
39%
UH ; LSZ ; MHL
39%
DGF ; LAN
38%
JL ; BRG ; GNT
38%
KT
38%
OHZ
38%
OPR ; KY ; NP ; WK
38%
SHL
38%
TF
38%
FN ; TT ; ÜB
37%
OSL ; CA ; SFB
37%
PAF
37%
SHK ; EIS ; SRO
37%
SK ; MER ; MQ ; QFT
37%
SOK ; LBS ; PN ; SCZ
37%
SR
37%
ROW ; BRV
36%
WF
36%
WT ; SÄK
36%
ABI ; AZE ; BTF ; KÖT ; ZE
35%
BLK ; HHM ; NEB ; NMB ; WSF ; ZZ
35%
DON ; NÖ
35%
GR ; LÖB ; NOL ; NY ; WSW ; ZI
35%
HOL
35%
HS ; ERK ; GK
35%
MR ; BID
35%
RP
35%
VB
35%
DLG ; WER
34%
EA
34%
FR ; MÜL ; NEU
34%
LG
34%
NEA ; SEF ; UFF
34%
SL
34%
SLF ; RU
34%
SLK ; ASL ; BBG ; SBK ; SFT
34%
SPN ; FOR ; GUB ; SPB
34%
SR ; BOG
34%
WTM
34%
MOL ; FRW ; SEE ; SRB
33%
HK
32%
KC ; SAN
32%
NEW ; ESB ; VOH
32%
SM ; MGN
32%
WIL ; BKS
32%
WUG ; GUN
32%
DAN
30%
KH
30%
TBB ; MGH
30%
HD
29%
MZG
29%
NR
29%
SDL ; HV ; OBG
29%
UL
29%
WND
29%
BRB
28%
HEF ; ROF
28%
MSE ; AT ; DM ; MC ; MST ; MÜR ; NZ ; RM ; WRN ; (NB)
28%
MSH ; EIL ; HET ; ML ; SGH
28%
WAK ; EA ; SLZ
28%
AA ; GD
27%
KG ; BRK ; HAB
27%
HM
26%
NDH
26%
OG ; BH ; KEL ; LR ; WOL
26%
VS ; DS
26%
ABG ; SLN
25%
LDS ; KW ; LC ; LN
25%
LOS ; BSK ; EH ; FW
25%
PF
25%
SU
25%
DÜW
24%
GL
24%
HOM ; (IGB)
24%
HP
24%
NOM ; EIN ; GAN
24%
SAD ; BUL ; NAB ; NEN ; OVI ; ROD
24%
TDO ; DZ ; EB ; OZ ; TG ; TO
24%
WEN
24%
BL ; HCH
23%
PIR ; DW ; FTL ; SEB
23%
SIM ; GOA
23%
ERB
22%
HBN
22%
HEI ; MED
22%
PS ; ZW
22%
WN ; BK
22%
EMS ; DIZ ; GOH
21%
ESW ; WIZ
21%
FB ; BÜD
21%
HG ; USI
21%
RÜD ; SWA
21%
WM ; SOG
21%
BM
20%
DAU
20%
GM
20%
KÜN ; ÖHR
20%
MOS ; BCH
20%
SAW ; GA ; KLZ
20%
AP ; APD
18%
BRA
18%
FG ; BED ; DL ; FLÖ ; HC ; MW ; RL
18%
ND ; SOB
18%
NES ; KÖN ; MET
18%
RZ
18%
SHG ; RI
18%
IZ
17%
MN
17%
NOH
17%
WST
17%
OD
16%
PAN ; EG ; GRI ; VIB
16%
KIB ; ROK
15%
WL
15%
HR ; FZ ; MEG ; ZIG
14%
LRO ; BÜZ ; DBR ; GÜ ; ROS ; TET
0%
SW ; GEO
0%
Keine übereinstimmenden Quizze gefunden
Verteilung der Resultate
Anzahl Personen mit jedem Resultat
Perzentil nach korrekt beantworteten Fragen
Ihre Resultats-Entwicklung
Sie haben dieses Quiz noch nicht gespielt